| 000 | 00369nam a22001457a 4500 | ||
|---|---|---|---|
| 005 | 20190917145320.0 | ||
| 008 | 190917b xxu||||| |||| 00| 0 eng d | ||
| 020 | _a81-86270-27-6 | ||
| 041 | _aeng | ||
| 100 |
_aMAHURKAR , DR.NITIN _95092 |
||
| 245 | _aBIOCHEMISTRY AND CLINICAL PATHOLOGY | ||
| 260 |
_aDELHI _bBIRLA PUBLICATION PVT.LTD |
||
| 300 | _a192p, | ||
| 942 | _cBK | ||
| 999 |
_c6003 _d6001 |
||